Statistiques concernant Pokémon- Comment peut-on accéder à ces Champions d'Arène?

Cliquez ici pour prendre le quiz!

Statistiques générales

  • Ce quiz a été pris 25 fois
  • Le résultat moyen est 19 sur 30

Statistiques - réponses

HintRéponse% Correct
Cornélia, YantreizhGlisser en rollers sur les barres
77%
Fredo, Acajou
Zhu, Flocombe
Glisser sur la glace
77%
Auguste, Cramois'Ile
Lem, Illumis
Sally, Corrifey
Répondre juste aux questions du quiz
77%
Artie, Volucité (Noir & Blanc 2)Se déplacer dans les tunnels de cocon
77%
Inezia, Méanville (Noir & Blanc)Se déplacer grâce aux montagnes russes
77%
Aloé, MaillardTrouver l'interrupteur dans un livre de la bibliothèque
77%
Carolina, ParsemilleUtiliser les canons à air
77%
Watson/Iris, JanusiaBattre les Dresseurs pour faire bouger la têt des dragons
69%
Flo, VestigionBattre les Dresseurs pour faire bouger les aiguilles de l'horloge
69%
Mélina, VoilarocFaire bouger les sacs de frappe pour pouvoir passer
69%
Gladys, FrimapicGlisser pour détruire des boules de neige
69%
Amaro, Port TempèresProgresser sur les plateformes en se balançant de liane en liane
69%
Hector, Ecorcia (Heartgold & Soulsilver)Se déplacer sur des Mimigal géants
69%
Amana, PapeloaSe déplacer sur les nénuphars
69%
Marc, AtalanopolisToucher tous les blocs de glace du chemin une fois
69%
Morgane, Safrania
Valériane, Romant-sous-Bois
Prendre les bons téléporteurs
62%
Charles, Joliberges
Bardane, Port Yoneuve
Se déplacer sur des plateformes mouvantes
62%
Koga, ParmanieSe frayer un chemin parmi les murs invisibles
62%
Kiméra, UnionpolisTrouver la bonne porte grâce aux lampes torches
62%
Blue, JadielleTrouver le bon chemin sur les dalles-flèches directionnelles
62%
Major Bob, Carmin-sur-MerTrouver l'interrupteur dans la poubelle
62%
Donna, SkiffordAppuyer sur les valves pour régler le débit d'eau des tuyaux
54%
Bastien, MyokaraBattre les Dresseurs pour allumer les lumières
54%
Tanguy, RivamarFaire un chemin avec les plateformes grâce à des interrupteurs
54%
Percy, GreenburyGuider les Moumouton
54%
Lovis, VerchampsModifier le niveau de l'eau grâce aux interrupteurs
54%
Sandra, EbenelleSe déplacer sur des plateformes pivotantes pour traverser la lave
46%
Loana/Chaz, LudesterTraverser un chemin rempli de fosses
46%
Kabu, MotorbyGagner des points en capturant ou battant des Pokémon
38%
Alistair/Faiza, Old ChisterGlisser sur le parcours à bord d'une soucoupe
38%

Distribution des résultats

Percentile par nombre de réponses

% des personnes avec chaque résultat

Votre développement - résultats

Vous n’avez pas pris ce quiz